000 01511nam a2200313 i 4500
001 xx005921833
003 NUKAT
005 20260422145825.0
008 260422s1985 gw |001 0 ger c
035 _a(NUKAT)xx005921833
040 _aOLSZT 008/bak
_bpol
_erda
_cOLSZT 008/bak
100 1 _aQuassowski, Hans-Wolfgang
_d(1890-1968).
_eAutor
_930750
245 1 4 _aDie Kartei Quassowski.
_nBuchstaben I, J /
_czusammengestellt von Paul Aberger und Marianne Legien ; Verein für Familienforschung in Ost- und Westpreussen e. V.
260 _aHamburg :
_bim Selbstverlag des Vereins,
_c1985.
300 _a[2], VIII, [2], 189 stron ;
_c21 cm.
336 _aTekst
_btxt
_2rdacontent
337 _aBez urządzenia pośredniczącego
_bn
_2rdamedia
338 _aWolumin
_bnc
_2rdacarrier
490 1 _aQuellen, Materialien und Sammlungen zur Altpreußischen Familienforschung (QMS) ;
_vNr. 1
504 _aBibliografia na stronach V-VIII. Indeks.
650 7 _aNazwy osobowe
_zPrusy Wschodnie (prowincja)
_vspisy.
_2kaba
_932429
650 7 _aNazwy osobowe
_zPomorze (region)
_vspisy.
_2kaba
_932430
650 7 _aNazwy osobowe
_zŚląsk (region)
_vspisy.
_2kaba
_932431
700 1 _aAberger, Paul.
_eOpracowanie
_932432
700 1 _aLegien, Marianne.
_eOpracowanie
_940403
710 2 _aVerein für Familienforschung in Ost- und Westpreussen.
_eInstytucja sprawcza
_eWydawca
_4pbl
_9431
830 0 _aQuellen, Materialien und Sammlungen zur Altpreußischen Familienforschung
_x0942-0177
_vNr. 1
_915511
942 _2ddc
_cBK_NM
999 _c27722
_d27722